|
|
|
|
| LEADER |
00000nab a2200000 a 4500 |
| 001 |
vtls009456740 |
| 003 |
SK-MaSNL |
| 005 |
20260303053948.0 |
| 008 |
081219 2008 xo r r 000 0 slo |
| 015 |
|
|
|a SNBRB2008/12
|2 kevkjb
|
| 038 |
|
|
|a KEVKJB
|
| 040 |
|
|
|a KEVKJB
|b slo
|c KEVKJB
|e AACR2
|
| 041 |
0 |
|
|a slo
|
| 044 |
|
|
|a xo
|c SK
|
| 080 |
|
|
|a 636.12
|2 2001
|
| 080 |
|
|
|a 798
|2 2001
|
| 100 |
1 |
|
|a Wirghová, Ivica
|4 aut
|9 1031982
|
| 245 |
1 |
0 |
|a Šampión
|b kôň, ktorého na dražbe nechcel nikto okrem dunajskostredského podnikateľa, dnes vyhráva všetky dostihy
|c Ivica Wirghová
|
| 300 |
|
|
|b Obr.
|
| 600 |
1 |
7 |
|a Mikóczy, Zoltán
|2 kevkjb
|9 891818
|
| 650 |
0 |
7 |
|a dostihové kone
|2 kevkjb
|9 106241
|
| 650 |
0 |
7 |
|a chov koní
|2 kevkjb
|9 30011
|
| 650 |
0 |
7 |
|a Overdose (kôň)
|2 kevkjb
|9 1047245
|
| 651 |
|
7 |
|a Dunajská Streda (Slovensko)
|2 kevkjb
|9 17375
|
| 773 |
0 |
|
|t Plus 7 dní
|g Roč. XVIII, č. 51-52-(2008), s. 192-194
|x 1210-2040
|
| 852 |
|
|
|a KEVKJB
|b KIS3GCP
|
| 999 |
|
|
|c 1721394
|d 1723324
|